000 00391nam a2200133Ia 4500
008 220217s9999 xx 000 0 und d
245 0 _aMethods of sampling and test for rubber hoses. (Second Revision) Third Reprint 1989
260 _aNew Delhi
260 _c1975
_bISI
490 _aHoses subcommittee, CDC 6:3
500 _aStandard number: IS 443
650 _aRubber hose
942 _cST
999 _c73775
_d73775